| 000 | 00464cam a2200193 4500 | ||
|---|---|---|---|
| 001 | D6582 | ||
| 008 | 090401t1982 xxu||||| |||| 00| 0 eng d | ||
| 035 | _a(Sirsi) u1652 | ||
| 041 | _aeng | ||
| 050 | _a692.5 | ||
| 100 | _aWheatley, N.R. | ||
| 245 | _aLaxton`s building price book 1983 | ||
| 250 | _a155th | ||
| 260 |
_aEast Grinstead _bThomas Skinner Directories _c1982 |
||
| 300 | _axxxii. 783p. 21cm | ||
| 350 | _a21 | ||
| 942 | _n0 | ||
| 948 | _c04/03/1997 | ||
| 999 |
_c85689 _d85689 |
||